000 00954nam a2200289 i 4500
003 EG-GICUC
005 20260307180558.0
008 260301s1944 fr ||||fr|||| 00| 0 fre d
040 _aEG-GiCUC
_bfre
_cEG-GiCUC
_dEG-GiCUC
_eRda
041 _afre
082 0 4 _221
_a341.84044
_bNI.T
092 0 4 _221
099 _aLaw1 12 341.84044 NI.T 1944
100 1 _aNibouet , J.P.
_eAuteur
245 _aTraite De Droit International Privé Français :
_bConflits De Lois, D'autorités Et De Juridictions /
_nVol. 3 ,
_cJ.-P. Nibouet .
264 _aParis :
_bRECUEIL SIREY ,
_c1944.
300 _a679 page ;
_c 24 cm.
336 _2rda contenu
_a texte
337 _2rda medias
_aOrdinateur
338 _2 transporteur rda
_a Ressource en ligne
546 _aTexte en français
650 1 _aDroit international privé
651 1 _2qrmak
856 4 0 _uhttps://fll.law.cu.edu.eg/fulltext/bks/B12-02061.pdf
905 _a60
942 _2ddc
_cBK
_e21
_n0
999 _c64465
_d64465